| 000 | 00642nam a2200181Ia 4500 | ||
|---|---|---|---|
| 008 | 151018s9999 xx 000 0 und d | ||
| 082 |
_bRBASDV47592 _a927 |
||
| 100 | _aरमेश बोराणा | ||
| 245 | _aराजस्थान के कला गौरव | ||
| 250 | _b2 | ||
| 260 |
_bराजस्थानी ग्रंथागार _c2008 |
||
| 300 | _a118 | ||
| 600 | _aरमेश बोराणा | ||
| 630 | _aराजस्थान के कला गौरव | ||
| 700 | _aरमेश बोराणा | ||
| 730 | _aराजस्थान के कला गौरव | ||
| 942 | _cBOOK | ||
| 999 |
_c1046724 _d1046721 |
||